ბათუმის შოთა რუსთაველის სახელმწიფო უნივერსიტეტის ბიბლიოთეკა

აჭარის ავტონომია საარქივო პირველწყაროებსა და მასალებში (1918-1937წწ.) / (ბიბ.ჩანაწერი № 56102)

000 -ლიდერი
ფიქსირებული სიგრძის საკონტროლო ველი 01203nam a2200241Ia 4500
001 - საკონტროლო ნომერი
საკონტროლო ველი 23203
003 - საკონტროლო ნომრის იდენტიფიკატორი
საკონტროლო ველი GE_BSU
005 - ბოლო ოპერაციის თარიღი და დრო
საკონტროლო ველი 20230725114753.0
008 - ფიქსირებული სიგრძის მონაცემთა ელემენტები - ზოგადი ინფორმაცია
ფიქსირებული სიგრძის საკონტროლო ველი 181216s2018||||ge |||||||||||||| ||geo||
020 ## - წიგნის საერთაშორისო სტანდარტული ნომერი
International Standard Book Number 9789941462733
040 ## - კატალოგიზაციის წყარო
Transcribing agency GE_BSU
041 ## - ენის კოდი
Language code of text/sound track or separate title geo
080 ## - უნივერსალური ათობითი კლასიფიკაციის ინდექსი
Universal Decimal Classification number 94(479.223)(093.4)+930.253(479.223) ტ-13
100 ## - მთავარი ჩანაწერი - პიროვნების სახელი
Personal name ტაბაღუა, სერგო
9 (RLIN) 19532
245 ## - ცნობა სათაურის შესახებ
Title აჭარის ავტონომია საარქივო პირველწყაროებსა და მასალებში (1918-1937წწ.) /
Statement of responsibility, etc სერგო ტაბაღუა ; რედ. ო. თურმანიძე.
264 ## - წარმოების, გამოცემის, დისტრიბუციის და სხვა ცნობები
გამოცემის, წარმოების, დისტრიბუციის... ადგილი ბათუმი :
გამოცემის, წარმოების, დისტრიბუციის... სახელწოდება ბათუმის შოთა რუსთაველის სახ. უნ-ტი,
გამოცემის, წარმოების, დისტრიბუციის... თარიღი 2018.
300 ## - ფიზიკური აღწერა
Extent 327 გვ. ;
Other physical details ფოტო
Dimensions 21 სმ.
653 ## - INDEX TERM--UNCONTROLLED
Uncontrolled term აჭარის ავტონომია საარქივო პირველწყაროებსა და მასალებში (1918-1937წწ.)
653 ## - INDEX TERM--UNCONTROLLED
Uncontrolled term ისტორია
700 ## - ADDED ENTRY--PERSONAL NAME
Personal name თურმანიძე, ო.
Relator term რედაქტორი
9 (RLIN) 19533
942 ## - ADDED ENTRY ELEMENTS (KOHA)
Koha item type წიგნი
Source of classification or shelving scheme
ეგზემპლარები
ჩამოწერის სტატუსი დაკარგული ეგზემპლარის სტატუსი კლასიფიკაციის წყარო ან თაროზე გაწყობის სქემა დაზიანების სტატუსი არ გაიცემა მუდმივი მდებარეობა (დაცვის ადგილი) ამჟამინდელი ადგილსამყოფელი თაროზე განთავსების ადგილი შეძენის თარიღი ღირებულება, შესყიდვის ნორმალური ფასი სრული შენახვის შიფრი შტრიხკოდი ბოლო ოპერაციის თარიღი ეგზემპლარის მიმდევრობითი ნომერი (კეტერი?) ფასის ძალაში შესვლის თარიღი ეგზემპლარის სახეობა საჯარო შენიშვნა
          ბათუმის შოთა რუსთაველის სახელმწიფო უნივერსიტეტის მთავარი ბიბლიოთეკა ბათუმის შოთა რუსთაველის სახელმწიფო უნივერსიტეტის მთავარი ბიბლიოთეკა წიგნსაცავი 2018-12-17 9.83 94(479.223)(093.4)+930.253(479.223) ტ-13 58663 2018-12-17 58663 2018-12-17 წიგნი 9. 83 ₾.
          ბათუმის შოთა რუსთაველის სახელმწიფო უნივერსიტეტის მთავარი ბიბლიოთეკა ბათუმის შოთა რუსთაველის სახელმწიფო უნივერსიტეტის მთავარი ბიბლიოთეკა წიგნსაცავი 2018-12-17 9.83 94(479.223)(093.4)+930.253(479.223) ტ-13 58664 2018-12-17 58664 2018-12-17 წიგნი 9.83 ₾.
          ბათუმის შოთა რუსთაველის სახელმწიფო უნივერსიტეტის მთავარი ბიბლიოთეკა ბათუმის შოთა რუსთაველის სახელმწიფო უნივერსიტეტის მთავარი ბიბლიოთეკა წიგნსაცავი 2018-12-17 9.83 94(479.223)(093.4)+930.253(479.223) ტ-13 58665 2018-12-17 58665 2018-12-17 წიგნი 9.83 ₾.
          ბათუმის შოთა რუსთაველის სახელმწიფო უნივერსიტეტის მთავარი ბიბლიოთეკა ბათუმის შოთა რუსთაველის სახელმწიფო უნივერსიტეტის მთავარი ბიბლიოთეკა წიგნსაცავი 2018-12-17 9.83 94(479.223)(093.4)+930.253(479.223) ტ-13 58666 2018-12-17 58666 2018-12-17 წიგნი 9.83 ₾.